000 00798cam a2200253 a 4500
001 000007483
005 20200929154203.0
008 830815s1982 sp b 000 0 spa
020 _a8433900684
035 _a(DLC) 83130834
040 _aDO-SdBNP
_cDLC
_dDLC
082 _a861.64
_bJ61a
100 1 _aJiménez, José,
_d1951-
_920795
245 1 3 _aEl ángel caído :
_bla imagen artística del ángel en el mundo contemporáneo /
_cJosé Jiménez.
260 _aBarcelona, [España] :
_bAnagrama,
_cc1982.
300 _a231 p. :
_bil. ;
_c20 cm.
490 1 _aArgumentos
_v68
504 _aBibliografía: p. 225-231.
650 4 _aPoesía española
_9631
650 4 _aLiteratura española
_9632
830 0 _aArgumentos ;
_v68
_98962
910 _aCatalogación por copia / LC
049 _aBNGR
999 _c7264
_d7264